000 00623nam0a22002411 4500
001 rc\79100
005 20250620172700.0
010 _a5-667-00744-4
_93000
035 _a(NLR Aleph) 005349288
090 _a6779015
_c6779015
100 _a20021216d1991 |||y0rusy50 ca
101 0 _arus
102 _aRU
105 _ay |||||||||
200 1 _aЭкономика и семья
210 _aДушанбе
_cИрфон
_d1991
215 _a31, [1] с.
_d21
700 1 _aШерзода
_bД.
_gДаврон
801 0 _aRU
_bNLR
_gpsbo
801 1 _aRU
_bELAR
_2rusmarc
852 _aNLR
_j91-4/7638
942 _cBOOK
980 _aNB